Catálogo
 En Linea

Bibliografía pedagógica / (Registro nro. 12095)

Detalles MARC
000 -CABECERA
campo de control de longitud fija 01204cam a2200313 a 4500
001 - NÚMERO DE CONTROL
campo de control 000012438
005 - FECHA Y HORA DE LA ÚLTIMA TRANSACCIÓN
campo de control 20200929163025.0
008 - DATOS DE LONGITUD FIJA--INFORMACIÓN GENERAL
campo de control de longitud fija 920107s1988 sp b s000 0 spa
020 ## - NÚMERO INTERNACIONAL ESTÁNDAR DEL LIBRO
Número Internacional Estándar del Libro 8445100165
035 ## - NÚMERO DE CONTROL DEL SISTEMA
Número de control de sistema (DLC) 92101753
040 ## - FUENTE DE LA CATALOGACIÓN
Centro catalogador/agencia de origen DO-SdBNP
Centro/agencia transcriptor DLC
Centro/agencia modificador BNPHU
082 ## - NÚMERO DE LA CLASIFICACIÓN DECIMAL DEWEY
Número de clasificación 016.370946
Número de documento/Ítem B582
049 ## - FONDOS LOCALES (OCLC)
Fondos de biblioteca BNGR
245 00 - MENCIÓN DE TÍTULO
Título Bibliografía pedagógica /
Mención de responsabilidad, etc. Pilar Alonso Rodríguez ... [et al.].
260 ## - PUBLICACIÓN, DISTRIBUCIÓN, ETC.
Lugar de publicación, distribución, etc. [Madrid] :
Nombre del editor, distribuidor, etc. Comunidad de Madrid :
-- Consejería de Cultura :
-- Dirección General de Patrimonio Cultural,
Fecha de publicación, distribución, etc. 1988.
300 ## - DESCRIPCIÓN FÍSICA
Extensión 239 p. ;
Dimensiones 21 cm.
490 1# - MENCIÓN DE SERIE
Mención de serie Bibliotecas
Designación de volumen o secuencia 1
500 ## - NOTA GENERAL
Nota general "Biblioteca IBERDIDAC, una iniciativa de seleccion bibliografica para educadores y padres."
650 #4 - PUNTO DE ACCESO ADICIONAL DE MATERIA--TÉRMINO DE MATERIA
Término de materia o nombre geográfico como elemento de entrada Bibliografías
Subdivisión geográfica España
Subdivisión general Educación
9 (RLIN) 29138
650 #4 - PUNTO DE ACCESO ADICIONAL DE MATERIA--TÉRMINO DE MATERIA
Término de materia o nombre geográfico como elemento de entrada Enseñanza
Subdivisión general Bibliografías
9 (RLIN) 29139
700 1# - PUNTO DE ACCESO ADICIONAL--NOMBRE DE PERSONA
Nombre de persona Alonso Rodríguez, Pilar.
9 (RLIN) 29140
700 1# - PUNTO DE ACCESO ADICIONAL--NOMBRE DE PERSONA
Nombre de persona Calle Cabrero, Ángel Luis.
9 (RLIN) 29141
700 1# - PUNTO DE ACCESO ADICIONAL--NOMBRE DE PERSONA
Nombre de persona Carrillo Borroso, Flor.
9 (RLIN) 29142
700 1# - PUNTO DE ACCESO ADICIONAL--NOMBRE DE PERSONA
Nombre de persona Fdez de Áviles Delgado, María Asunción.
9 (RLIN) 29143
700 1# - PUNTO DE ACCESO ADICIONAL--NOMBRE DE PERSONA
Nombre de persona Mediavilla Herreros, María Luisa.
9 (RLIN) 29144
700 1# - PUNTO DE ACCESO ADICIONAL--NOMBRE DE PERSONA
Nombre de persona Navarro Álvarez, Marina.
9 (RLIN) 29145
830 #0 - PUNTO DE ACCESO ADICIONAL DE SERIE-TÍTULO UNIFORME
Título uniforme Bibliotecas ;
Designación de volumen o secuencia 1
9 (RLIN) 29146
910 ## - DATOS DE OPCIÓN DEL USUARIO (OCLC)
Datos de opción del usuario Catalogación por copia / LC
Existencias
Estado de retiro Estado de pérdida Restricciones de uso No para préstamo Código de colección Localización permanente Ubicación/localización actual Ubicación en estantería Fecha de adquisición Número de inventario Total de préstamos Signatura topográfica completa Código de barras Fecha visto por última vez Precio válido a partir de Tipo de ítem Koha
      Excluido de préstamo Monografías: Libros y Folletos General General Depósito 12.11.2009 LF1   016.370946 B582 12438-10 25.06.2020 25.06.2020 No se presta

Con tecnología Koha